50 crucial questions : (Record no. 7539)
[ view plain ]
| 000 -LEADER | |
|---|---|
| fixed length control field | 01636cam a2200349 i 4500 |
| 001 - CONTROL NUMBER | |
| control field | 18635793 |
| 003 - CONTROL NUMBER IDENTIFIER | |
| control field | GBCCL |
| 005 - DATE AND TIME OF LATEST TRANSACTION | |
| control field | 20241126110630.0 |
| 008 - FIXED-LENGTH DATA ELEMENTS--GENERAL INFORMATION | |
| fixed length control field | 150528s2016 ilu b 001 0 eng |
| 010 ## - | |
| -- | 2015018527 |
| 020 ## - INTERNATIONAL STANDARD BOOK NUMBER | |
| International Standard Book Number | 9781433551819 (tp) |
| 040 ## - CATALOGING SOURCE | |
| Original cataloging agency | DLC |
| Language of cataloging | eng |
| Transcribing agency | DLC |
| Description conventions | rda |
| Modifying agency | DLC |
| 042 ## - | |
| -- | pcc |
| 050 00 - | |
| -- | BT708 |
| -- | .P495 2016 |
| 082 00 - DEWEY DECIMAL CLASSIFICATION NUMBER | |
| Classification number | 233.5081 |
| Edition information | 23 |
| Item number | PIP |
| 100 1# - MAIN ENTRY--PERSONAL NAME | |
| Personal name | Piper, John, |
| Dates associated with a name | 1946- |
| 9 (RLIN) | 8858 |
| 245 10 - TITLE STATEMENT | |
| Title | 50 crucial questions : |
| Remainder of title | an overview of central concerns about manhood and womanhood / |
| Statement of responsibility, etc. | John Piper and Wayne Grudem. |
| 246 3# - | |
| -- | Fifty crucial questions |
| 264 #1 - PRODUCTION, PUBLICATION, DISTRIBUTION, MANUFACTURE, AND COPYRIGHT NOTICE | |
| Place of production, publication, distribution, manufacture | Wheaton, Illinois : |
| Name of producer, publisher, distributor, manufacturer | Crossway, |
| Date of production, publication, distribution, manufacture, or copyright notice | [2016] |
| 300 ## - PHYSICAL DESCRIPTION | |
| Extent | 94 pages ; |
| Dimensions | 21 cm |
| 336 ## - CONTENT TYPE | |
| Content type term | text |
| Content type code | txt |
| Source | rdacontent |
| 337 ## - MEDIA TYPE | |
| Media type term | unmediated |
| Media type code | n |
| Source | rdamedia |
| 338 ## - CARRIER TYPE | |
| Carrier type term | volume |
| Carrier type code | nc |
| Source | rdacarrier |
| 500 ## - GENERAL NOTE | |
| General note | "First published as "On Overview of Central Concerns: Questions and Answers," chapter 2 in Recovering Biblical Manhood and Womanhood: A Response to Evangelical Feminism, edited by John Piper and Wayne Grudem (Crossway), copyright © 1991, 2006 by The Council on Biblical Manhood and Womanhood. |
| 504 ## - BIBLIOGRAPHY, ETC. NOTE | |
| Bibliography, etc. note | Includes bibliographical references and index. |
| 650 #0 - SUBJECT ADDED ENTRY--TOPICAL TERM | |
| Topical term or geographic name entry element | Sex role |
| General subdivision | Religious aspects |
| -- | Christianity |
| Form subdivision | Miscellanea. |
| 9 (RLIN) | 13334 |
| 700 1# - ADDED ENTRY--PERSONAL NAME | |
| Personal name | Grudem, Wayne A. |
| 9 (RLIN) | 1981 |
| 776 08 - ADDITIONAL PHYSICAL FORM ENTRY | |
| Relationship information | Online version: |
| Main entry heading | Piper, John, 1946- |
| Title | 50 crucial questions |
| Edition | Second Edition. |
| Place, publisher, and date of publication | Wheaton, Illinois : Crossway, 2016 |
| International Standard Book Number | 9781433551826 |
| Record control number | (DLC) 2016004234 |
| 906 ## - LOCAL DATA ELEMENT F, LDF (RLIN) | |
| a | 7 |
| b | cbc |
| c | orignew |
| d | 1 |
| e | ecip |
| f | 20 |
| g | y-gencatlg |
| 942 ## - ADDED ENTRY ELEMENTS (KOHA) | |
| Source of classification or shelving scheme | Dewey Decimal Classification |
| Koha item type | Books |
| Koha issues (borrowed), all copies | 1 |
| Withdrawn status | Lost status | Source of classification or shelving scheme | Damaged status | Not for loan | Home library | Current Library | Shelving location | Date acquired | Source of acquisition | Cost, normal purchase price | Total checkouts | Full call number | Barcode | Date last seen | Copy number | Cost, replacement price | Price effective from | Koha item type | Total renewals | Date last checked out |
|---|---|---|---|---|---|---|---|---|---|---|---|---|---|---|---|---|---|---|---|---|
| Dewey Decimal Classification | GRACE BIBLE COLLEGE | GRACE BIBLE COLLEGE | Theology | 2018-08-21 | 11 | 120.00 | 233.5081 PIP | 014824 | 2025-05-01 | c.1 | 150.00 | 2018-08-21 | Books | |||||||
| Dewey Decimal Classification | GRACE BIBLE COLLEGE | GRACE BIBLE COLLEGE | Theology | 2018-08-21 | 11 | 120.00 | 233.5081 PIP | 014825 | 2025-05-01 | c.2 | 150.00 | 2018-08-21 | Books | |||||||
| Dewey Decimal Classification | GRACE BIBLE COLLEGE | GRACE BIBLE COLLEGE | Theology | 2018-08-21 | 11 | 120.00 | 4 | 233.5081 PIP | 014826 | 2026-01-27 | c.3 | 150.00 | 2018-08-21 | Books | 2 | 2026-01-21 | ||||
| Dewey Decimal Classification | GRACE BIBLE COLLEGE | GRACE BIBLE COLLEGE | Theology | 2018-08-21 | 11 | 120.00 | 233.5081 PIP | 014827 | 2025-05-01 | c.4 | 150.00 | 2018-08-21 | Books |